00438nam a2200121Ia 4500008004100000082001500041100003600056245005500092260005300147365000600200630005500206730005500261100415s9999 xx 000 0 und d b19427a500 aIndian National Science Academy aProceeding Of The In dian National Science Academy aNEW DELHIc1980bIndian National Science Academy b0 aProceeding Of The In dian National Science Academy aProceeding Of The In dian National Science Academy